Zoological Garden of Kolkata: (Record no. 210145)
[ view plain ]
| 000 -LEADER | |
|---|---|
| fixed length control field | 00683nam a22002057a 4500 |
| 005 - DATE AND TIME OF LATEST TRANSACTION | |
| control field | 20250307104833.0 |
| 010 ## - LCCN (DPL NO) | |
| LC control number | ENG-143986 |
| 020 ## - INTERNATIONAL STANDARD BOOK NUMBER | |
| International Standard Book Number | 9789382550350 |
| Terms of availability | 1000.00 |
| 035 ## - SYSTEM CONTROL NUMBER | |
| System control number | EN-127518 |
| 037 ## - SOURCE OF ACQUISITION | |
| Source of stock number/acquisition | DBAD |
| 082 ## - DEWEY DECIMAL CLASSIFICATION NUMBER | |
| Classification number | 590.7354147 |
| 100 ## - MAIN ENTRY--PERSONAL NAME | |
| Personal name | Mittra, Dilip |
| 245 ## - TITLE STATEMENT | |
| Title | Zoological Garden of Kolkata: |
| Remainder of title | Dedication of R.B. Sanyal/ |
| Statement of responsibility, etc | By Dilip Mittra [and] Prithvish Nag |
| 250 ## - EDITION STATEMENT | |
| Edition statement | 1 |
| 260 ## - PUBLICATION, DISTRIBUTION, ETC. (IMPRINT) | |
| Place of publication, distribution, etc | Varanasi |
| Name of publisher, distributor, etc | Bharati Prakashan |
| Date of publication, distribution, etc | 2013 |
| 270 ## - ADDRESS | |
| Address | 45, Dharmsangh Complex, Durgakund |
| City | Varanasi |
| Postal code | 221010 |
| Electronic mail address | bharatiprakashan@gmail.com |
| 300 ## - PHYSICAL DESCRIPTION | |
| Extent | 252,vp. |
| Dimensions | 25cm(hb) |
| 700 ## - ADDED ENTRY--PERSONAL NAME | |
| Personal name | Nag, Prithvish |
| Relator term | Author |
| 9 (RLIN) | 79370 |
| 942 ## - ADDED ENTRY ELEMENTS (KOHA) | |
| Source of classification or shelving scheme | Dewey Decimal Classification |
| Item type | English Books |
| Classification part | 590.7354147 |
| Call number suffix | MIT |
| Withdrawn status | Lost status | Not for loan | Collection code | Home library | Current library | Date acquired | Source of acquisition | Cost, normal purchase price | Full call number | Barcode | Copy number | Cost, replacement price | Koha item type |
|---|---|---|---|---|---|---|---|---|---|---|---|---|---|
| Non-fiction | Central Library | Central Library | 07/03/2025 | Delivery of Books Act Division | 1000.00 | 590.7354147 MIT | EN-127518 | 1 | 1000.00 | English Books |
